000 00458nam a22001817a 4500
005 20250619090929.0
008 250619b |||||||| |||| 00| 0 eng d
020 _a9780552773478
_qpbk
041 _aeng
082 _a823.92 KIN
100 _aKinsella Sophie
245 _aShopaholic Abroad
_c/ Kinsella Sophie
250 _a1st ed
260 _aBritain
_bBlack swan
_c2001
300 _a849p. :
_c21cm.
650 _aEnglish fiction
942 _cENGLISH
999 _c572778
_d572778